000 00187nam a2200085 4500
001 1257676
005 20260218093547.0
245 _aMEHMET AKİF ERSOY
_cELİF AKARDAŞ
260 _bERDEM GENÇ
999 _c1257676
_d1257676